000 01069nam a22003377a 4500
005 20231012105554.0
008 190610b2001 xxu||||| |||| 00| 0 spa d
020 _a997767664
041 _aESP
082 _a305.42 H632c
100 _aHidalgo Xirinachs, Roxana
_954258
245 _aCuando la feminidad se trastoca en el espejo de la maternidad: conversaciones con mujeres penalizadas por cometer infanticidio, una interpretación psicosocial
260 _aCosta Rica
260 _bEUCR
260 _c2001
300 _a301 páginas
650 _aMUJER
650 _aCUESTIONES SOCIALES
650 _aCUESTIONES MORALES
650 _aINTERPRETACIÓN PSICOSOCIAL
650 _aINFANTICIDIO
650 _aFEMINISMO
650 _aMATERNIDAD
650 _aTRANSGRESIÓN
650 _aMUJERES PENALIZADAS
650 _aENTREVISTAS
650 _aVIOLENCIA DOMÉSTICA
650 _aCENTRO PENITENCIARIO EL BUEN PASTOR
650 _aABUSO DE NIÑOS
942 _cLIT
_2ddc
999 _c12033
_d12033